| 000 | 00587nam a22002057a 4500 | ||
|---|---|---|---|
| 999 |
_c1545 _d1545 |
||
| 001 | 15677 | ||
| 003 | BD-DhUAP | ||
| 005 | 20200210103325.0 | ||
| 008 | 200210s2009 ii ||||| |||| 001 0 eng d | ||
| 040 |
_aBD-DhUAP _bEng _cBD-DhUAP _dBD-DhUAP |
||
| 082 |
_223 _a341.48 KAP |
||
| 100 | _aKapoor, S. K. | ||
| 245 |
_aInternational law and human rights / _cS. K. Kapoor. |
||
| 250 | _a17th ed. | ||
| 260 |
_aAllahabad : _bCentral law agency, _cc2009. |
||
| 300 |
_alviii, 1039 pages ; _c23 cm. |
||
| 500 | _aIncludes index. | ||
| 650 |
_aInternational law _vHuman rights. |
||
| 942 |
_2ddc _cBK |
||